Statistics for PAIRS OF BODY PARTS

Click here to take the quiz!

General Stats

  • This quiz has been taken 82 times
  • The average score is 9 of 17

Answer Stats

Answer% Correct
eyes
92%
eyes
92%
legs
90%
ears
87%
arms
82%
hands
82%
feet
81%
lungs
68%
kidneys
60%
nostrils
44%
eye brows
35%
lips
34%
breasts
31%
testicles
24%
ovaries
21%
nipples
11%
Fallopian tubes
8%

Score Distribution

Percentile by Number Answered

Percent of People with Each Score

Your Score History

You have not taken this quiz